000 00853cam a22002414a 4500
020 _a0072835591 (pbk. : alk. paper)
040 _cDLC
082 _a005 MCG 2004 A003 Or.
100 1 _aO'Leary, Timothy J.,
245 1 0 _aMicrosoft Office Access 2003 /
246 3 0 _aOffice Access 2003, introductory ed.
250 _aIntroductory ed.
260 _aBoston :
_bMcGraw-Hill Technology Education,
_cc2004.
300 _a1 v. (various pagings) :
_bcol. ill. ;
_c28 cm.
490 0 _aThe O'Leary series
500 _aIncludes index.
650 0 _aDatabase management.
700 1 _aO'Leary, Linda I.
856 4 2 _uhttp://www.loc.gov/catdir/description/mh051/2003114513.html
856 4 1 _uhttp://www.loc.gov/catdir/enhancements/fy0615/2003114513-t.html
856 4 2 _uhttp://www.loc.gov/catdir/enhancements/fy0735/2003114513-b.html
942 _cEK
999 _c16459
_d16459